| 000 | 03446nam0a2200421 4500 | ||
|---|---|---|---|
| 001 | RU\NLR\BIBL_A\012908232 | ||
| 005 | 20260407114750.0 | ||
| 035 | _a(NLR Aleph) 012908232 | ||
| 090 |
_a12605442 _c12605442 |
||
| 100 | _a20191122d1900 |||y0rusy50 ca | ||
| 101 | 0 | _arus | |
| 102 | _aRU | ||
| 105 | _ay z 000zy | ||
| 181 | 0 |
_ai _baxxe |
|
| 182 | 0 | _an | |
| 200 | 1 |
_aГосподину Государственному Секретарю _fМинистерство Финансов. Учреждения по части торговли и промышленности. Отдел торгового мореплавания. Отделение III. Стол 1. 9 сентября 1900 г. № 28052/2618 |
|
| 203 |
_aТекст _bвизуальный _cнепосредственный |
||
| 210 |
_a[Санкт-Петербург _cб. и.] _d1900 |
||
| 215 |
_a10 с. _d34 |
||
| 300 | _aТекст начинается словами: При отношении от 27 июня сего года за № 3071, Ваше Высокопревосходительство изволили препроводить на заключение Министерства Финансов отзыв Государственного Контролера по внесенному в Государственный Совет представлению об учреждении механического отделения при классах торгового мореплавания в Одессе... | ||
| 300 | _aВ конце текста: Подписал: Министр Финансов, Статс-Секретарь Витте; Скрепил: Управляющий Отделом А. Конкевич | ||
| 300 | _aНа 1-й, 5-й, 9-й с.: DCCCLXXXII, 7 | ||
| 309 | _aБез тит. л. и обл. | ||
| 517 | 1 | _aПри отношении от 27 июня сего года за № 3071, Ваше Высокопревосходительство изволили препроводить на заключение Министерства Финансов отзыв Государственного Контролера по внесенному в Государственный Совет представлению об учреждении механического отделения при классах торгового мореплавания в Одессе... | |
| 601 | 0 | 2 |
_aОдесское училище торгового мореплавания _jДокументы и материалы _xФинансирование _92552194 _3RU\NLR\AUTH\6601723230 |
| 686 | 3 | _aЧ468.759.34(28)7к | |
| 702 | 1 |
_4720 _8rus _7ca _aВитте _bС. Ю. _f1849-1915 _gСергей Юльевич _3RU\NLR\AUTH\772753 _9112761 |
|
| 702 | 1 |
_4720 _7ca _8rus _aКонкевич _bА. Е. _f1842-ок.1917 _gАлександр Егорович _9218314 _3RU\NLR\AUTH\770218370 |
|
| 711 | 0 | 1 |
_aРоссия _bГосударственная канцелярия _3RU\NLR\AUTH\889934420 _9363940 |
| 711 | 0 | 1 |
_aРоссия _bМинистерство финансов _3RU\NLR\AUTH\889947360 _9390360 |
| 712 | 0 | 1 |
_4570 _aРоссия _bМинистерство финансов _bОтдел торгового мореплавания _3RU\NLR\AUTH\889947536 _9390710 |
| 852 |
_aNLR _j135/295-10(17) |
||
| 942 | _cBOOK | ||
| 980 | _aNB | ||